000 00551nam a22002051a 4500
001 11542
003 OSt
005 20260204212247.0
008 121206s0165||||ck ||||||b||||||||||spa||
020 _a9583002267
050 _a863.44 A26m
100 _aArciniegas, Triunfo
245 _aLa muchacha de transilvania y otras historias de amar / Triunfo Arciniegas
250 _a2
264 _aColombia: Panamericana Editorial
300 _a103 p
490 _aColección carcel
650 _aCuentos Infantiles - ColombianosÌ
942 _2ddc
_cBK
999 _c11542
_d11542